000 00384nam a2200157Ia 4500
008 230711s9999||||xx |||||||||||||| ||und||
041 _aENG
082 _a720
_bFI-R
100 _aFisher,DJ
245 0 _aRules of thumb for physical scientists 
250 _a1st Ed.
260 _c1988
_aNew Delhi
_bTrans Tech Publications
300 _a301
650 _aArchitecture
942 _cBK
999 _c1848
_d1848